| 000 | 01312nam a2200289 i 4500 | ||
|---|---|---|---|
| 001 | 186310 | ||
| 003 | SpMaBN | ||
| 005 | 20250905130853.0 | ||
| 008 | 161006s2015 sp aco c |||| |dspa d | ||
| 020 | _a978-84-939988-6-8 | ||
| 080 | _a378.091.8:728.4(460.271)"19"(083.824) | ||
| 245 | 0 | 0 |
_aMujeres en vanguardia _b: la Residencia de Señoritas en su centenario (1915-1936) : [exposición, del 1 de diciembre de 2015 al 27 de marzo de 2016, Residencia de Estudiantes] / _c[comisarias, Almudena de la Cueva, Margarita Márquez Padorno]. |
| 260 |
_a[Madrid] : _bPublicaciones de la Residencia de Estudiantes, _c[2015] |
||
| 300 |
_a399 p. : _bil. col., fot., retr. ; _c23 cm. |
||
| 500 | _aCronología. | ||
| 500 | _aÍndice onomástico. | ||
| 504 | _aReferencias bibliográficas. | ||
| 610 | 2 | 7 |
_aResidencia de Señoritas (Madrid)- _vHistoria- _vExposiciones. _9161071 |
| 610 | 2 | 4 |
_aResidencia de Señoritas (Madrid) _96439 |
| 655 | 7 |
_2tgfbne _9193628 _aCatálogos de exposiciones |
|
| 700 | 1 |
_aCueva, Almudena de la. _9161072 |
|
| 700 | 1 |
_aMárquez Padorno, Margarita, _d1968- _9161073 |
|
| 710 | 2 |
_aResidencia de Estudiantes (Madrid) _96437 |
|
| 852 |
_aES-MaACL _jA-13957 _9193365 _bR.151169 _cDEPO1 _dOlim: N-6957 _xEncuadernación en cartoné |
||
| 942 | _2udc | ||
| 999 |
_c186310 _d186310 |
||